[De la enseñanza en España (Record no. 140253)
[ view plain ]
| 000 -LEADER | |
|---|---|
| campo de control de longitud fija | 00655nam a2200169 4500 |
| 001 - NÚMERO DE CONTROL | |
| campo de control | 140253 |
| 003 - IDENTIFICADOR DE NÚMERO DE CONTROL | |
| campo de control | ES-MaACL |
| 005 - FECHA Y HORA DE LA ÚLTIMA TRANSACCIÓN | |
| campo de control | 20230906200036.0 |
| 007 - CAMPO FIJO DE DESCRIPCIÓN FÍSICA--INFORMACIÓN GENERAL | |
| campo de control de longitud fija | t| |
| 008 - DATOS DE LONGITUD FIJA--INFORMACIÓN GENERAL | |
| campo de control de longitud fija | 070214s1909 sp r ||||1| spa d |
| 100 1# - ENTRADA PRINCIPAL--NOMBRE DE PERSONA | |
| Nombre de persona | Segovia y Corrales, Isidro de. |
| 9 (RLIN) | 105160 |
| 245 11 - MENCIÓN DEL TÍTULO | |
| Título | [De la enseñanza en España |
| Resto del título | : sus defectos y sus remedios] : Discurso leído en la solemne apertura del curso de 1909 a 1910 / |
| Mención de responsabilidad, etc. | Isidro de Segovia y Corrales. |
| 260 ## - PUBLICACIÓN, DISTRIBUCIÓN, ETC. | |
| Lugar de publicación, distribución, etc. | Salamanca : |
| Nombre del editor, distribuidor, etc. | [s. n.], |
| Fecha de publicación, distribución, etc. | 1909 ( |
| Fabricante | Imp. y Lib. de Francisco Núñez) |
| 500 ## - NOTA GENERAL | |
| Nota general | Precede al tít.: Universidad de Salamanca. |
| 710 2# - ENTRADA AGREGADA--NOMBRE DE ENTIDAD CORPORATIVA | |
| Nombre de entidad corporativa o nombre de jurisdicción como elemento de entrada | Universidad de Salamanca. |
| 9 (RLIN) | 7275 |
| 852 ## - LOCALIZACIÓN | |
| Ubicación | ES-MaACL |
| Número de control de estantería | T-1181-F-7 |
| Estatus retirado | Estado de pérdida | Estado de daño | No para préstamo | Colección | Biblioteca de origen | Biblioteca actual | Ubicación en estantería | Fecha de adquisición | Fuente de adquisición | Total de préstamos | Signatura topográfica completa | Código de barras | Visto por última vez | Precio de reemplazo | Tipo de ítem Koha |
|---|---|---|---|---|---|---|---|---|---|---|---|---|---|---|---|
| Colección de folletos | Biblioteca del Ateneo de Madrid | Biblioteca del Ateneo de Madrid | Depósito folletos | 17/01/2008 | T-1181-F-7 | 1145952 | 23/02/2023 | 23/02/2023 | Folleto |
